000
00242nam a2200109Ia 4500
008
240625s9999 xx 000 0 und d
041
_a
eng
082
_a
658.15 KAP
100
_a
KAPIL SHEEBA
245
_a
FINANCIAL MANAGEMENT
260
_c
2011
999
_c
38166
_d
38166